000 01152cam a2200313 a 4500
001 15032096
003 OSt
005 20240626163119.0
008 071003s2002 maua b 001 0 eng d
010 _a 2007702088
015 _aGBA2-Y6466
020 _a0750655194
020 _a9780750655194
035 _a(OCoLC)ocm50904015
040 _aOLINC
_cMUST
_dOCLCQ
_dUKM
_dUBA
_dBAKER
_dNLGGC
_dYDXCP
_dDLC
042 _alccopycat
082 0 4 _a658.406 INN 2002
_221
084 _a85.15
_2bcl
100 1 _aJones, Tim,
_d1966-
_93710
245 1 0 _aInnovating at the edge :
_bhow organizations evolve and embed innovation capability /
_cTim Jones.
260 _aOxford ; Boston :
_bButterworth-Heinemann,
_c2002.
300 _axi, 350 p. :
_bill. ;
_c24 cm.
504 _aIncludes bibliographical references and index.
650 0 _aCreative ability in business.
_918124
856 4 2 _3Publisher description
_uhttp://www.loc.gov/catdir/enhancements/fy0803/2007702088-d.html
906 _a7
_bcbc
_ccopycat
_d2
_encip
_f20
_gy-gencatlg
942 _2ddc
_cO_SHELF
999 _c8955
_d8955